[Event "HUN-chT2 Erkel 1112"]
[Site "Hungary"]
[Date "2011.10.30"]
[Round "2.10"]
[White "Kalo, Istvan"]
[Black "Horvath, Attila Bela"]
[Result "1/2-1/2"]
[WhiteElo "2052"]
[BlackElo "1817"]
[PlyCount "69"]
[EventDate "2011.09.25"]
[EventType "team-tourn"]
[EventRounds "11"]
[EventCountry "HUN"]
[SourceTitle "EXT 2013"]
[Source "ChessBase"]
[SourceDate "2012.11.22"]
[SourceVersion "1"]
[SourceVersionDate "2012.11.22"]
[SourceQuality "1"]
[WhiteTeam "Ujszasz"]
[BlackTeam "MAFC"]
[WhiteTeamCountry "HUN"]
[BlackTeamCountry "HUN"]

1. e4 c6 2. d4 d5 3. exd5 cxd5 4. Bd3 Nc6 5. c3 Nf6 6. h3 e6 7. Nf3 Bd6 8. 0-0 0-0 9. Bg5 a6 10. Nbd2 b5 11. Qe2 Bb7 12. Ne5 Be7 13. f4 Nd7 14. Ndf3 Rc8 15. Bxe7 Nxe7 16. Bxh7+ Kxh7 17. Ng5+ Kg8 18. Nxd7 g6 19. Nxf8 Qxf8 20. Rae1 Rc6 21. a3 a5 22. Qxb5 Ba6 23. Qxa5 Bxf1 24. Kxf1 Qb8 25. Qb4 Qxf4+ 26. Nf3 Nf5 27. Qb5 Rc8 28. Qd3 Rb8 29. b4 Ra8 30. Ra1 Rxa3 31. Rxa3 Qc1+ 32. Kf2 Qxa3 33. Nd2 Nd6 34. Qc2 Qa1 35. Nb1 1/2-1/2

[Event "HUN-chT2 Erkel 0506"]
[Site "Hungary"]
[Date "2006.02.12"]
[Round "7"]
[White "Gruz, Janos"]
[Black "Kalo, Istvan"]
[Result "1/2-1/2"]
[WhiteElo "2034"]
[BlackElo "2019"]
[PlyCount "76"]
[EventDate "2005.10.16"]
[EventType "team"]
[EventRounds "11"]
[EventCountry "HUN"]
[SourceTitle "EXT 2009"]
[Source "ChessBase"]
[SourceDate "2008.11.26"]
[SourceVersion "1"]
[SourceVersionDate "2008.11.26"]
[SourceQuality "1"]
[WhiteTeam "Foti"]
[BlackTeam "Ujszasz"]
[WhiteTeamCountry "HUN"]
[BlackTeamCountry "HUN"]

1. e4 e6 2. d4 b6 3. Nf3 Bb7 4. Bd3 c5 5. 0-0 Nf6 6. Nc3 cxd4 7. Nxd4 Nc6 8. Nxc6 dxc6 9. Qe2 e5 10. Be3 Bd6 11. Rad1 0-0 12. Rd2 Qe7 13. Rfd1 Bb4 14. a3 Bxc3 15. bxc3 Qxa3 16. Bg5 Qe7 17. Bc4 Rfd8 18. Bxf6 gxf6 19. Qg4+ Kf8 20. Rd7 Rxd7 21. Rxd7 Bc8 22. Rxe7 Bxg4 23. Rxf7+ Ke8 24. Rg7 Bc8 25. Rxh7 a5 26. h4 b5 27. Ba2 c5 28. h5 c4 29. h6 Kf8 30. g4 a4 31. Rg7 Rb8 32. g5 Rb7 33. Rg6 fxg5 34. Rxg5 Re7 35. f3 Bd7 36. Kf2 Rh7 37. Rxe5 Rxh6 38. Rg5 Ke7 1/2-1/2

[Event "HUN-chT2 Maroczy 0001"]
[Site "Hungary"]
[Date "2001.04.08"]
[Round "10"]
[White "Kovacs, Arthur"]
[Black "Kalo, Istvan"]
[Result "1-0"]
[WhiteElo "2164"]
[BlackElo "1975"]
[PlyCount "113"]
[EventDate "2000.11.26"]
[EventType "team"]
[EventRounds "11"]
[EventCountry "HUN"]
[SourceTitle "EXT 2007"]
[Source "ChessBase"]
[SourceDate "2006.11.23"]
[SourceVersion "1"]
[SourceVersionDate "2006.11.23"]
[SourceQuality "1"]
[WhiteTeam "Mako"]
[BlackTeam "Ujszasz"]
[WhiteTeamCountry "HUN"]
[BlackTeamCountry "HUN"]

1. d4 e6 2. Nf3 b6 3. c4 Bb7 4. e3 Nf6 5. Bd3 c5 6. 0-0 Nc6 7. Nc3 cxd4 8. exd4 d5 9. Re1 Be7 10. b3 dxc4 11. Bxc4 0-0 12. Bb2 Nb4 13. Ne5 Nbd5 14. Rc1 Bb4 15. a3 Nxc3 16. Bxc3 Bxa3 17. Ra1 Nd5 18. Rxa3 Nxc3 19. Qa1 Qg5 20. Bf1 Qd2 21. b4 Ne4 22. Nd3 a6 23. Rd1 Qg5 24. Ne5 b5 25. Nd7 Rfd8 26. Nc5 Qe7 27. Nxa6 Bxa6 28. Rxa6 Rxa6 29. Qxa6 Qxb4 30. Qb6 Qd6 31. Qxd6 Rxd6 32. Bxb5 g6 33. Bf1 e5 34. d5 Nc3 35. Rc1 Nxd5 36. Rd1 Kg7 37. Bc4 Nb6 38. Rxd6 Nxc4 39. Rc6 Nd2 40. g3 Nf3+ 41. Kg2 Nd4 42. Rd6 Ne6 43. h4 h5 44. Kf3 Nf8 45. Ke4 f6 46. Kd5 Kf7 47. Ra6 Kg7 48. Ra7+ Kh6 49. Rf7 Nh7 50. Ke6 g5 51. Rxh7+ Kxh7 52. Kxf6 gxh4 53. gxh4 Kh6 54. Kxe5 Kg6 55. Ke6 Kg7 56. f4 Kg8 57. Ke7 1-0

[Event "HUN-chT2 Maroczy 0001"]
[Site "Hungary"]
[Date "2001.02.25"]
[Round "7"]
[White "Kalo, Istvan"]
[Black "Torok, Sandor"]
[Result "0-1"]
[WhiteElo "1975"]
[BlackElo "2080"]
[PlyCount "64"]
[EventDate "2000.11.26"]
[EventType "team"]
[EventRounds "11"]
[EventCountry "HUN"]
[SourceTitle "EXT 2007"]
[Source "ChessBase"]
[SourceDate "2006.11.23"]
[SourceVersion "1"]
[SourceVersionDate "2006.11.23"]
[SourceQuality "1"]
[WhiteTeam "Ujszasz"]
[BlackTeam "Godollo"]
[WhiteTeamCountry "HUN"]
[BlackTeamCountry "HUN"]

1. e4 c5 2. c3 d5 3. exd5 Nf6 4. d4 Nxd5 5. Nf3 e6 6. Bg5 Qb6 7. Qc2 Nc6 8. Be3 cxd4 9. Bxd4 Nxd4 10. Nxd4 Bd7 11. Nd2 Rc8 12. N2f3 Bc5 13. Nb3 Ba4 14. Ng5 Bb4 15. Ne4 f5 16. Ned2 Nxc3 17. bxc3 Rxc3 18. Qb2 Qc7 19. Nd4 Qe5+ 20. Ne2 Rd3 21. Rb1 Bxd2+ 22. Qxd2 Rxd2 23. Kxd2 0-0 24. Nc3 Rd8+ 25. Bd3 Qd4 26. Rhc1 Qxd3+ 27. Ke1 Bc2 28. Ra1 Qxc3+ 29. Kf1 Rd2 30. Kg1 Qd4 31. Kh1 Qxf2 32. Rg1 Be4 0-1

[Event "HUN-chT2 Maroczy 0001"]
[Site "Hungary"]
[Date "2001.02.04"]
[Round "6"]
[White "Frank, Jozsef"]
[Black "Kalo, Istvan"]
[Result "1/2-1/2"]
[WhiteElo "2081"]
[BlackElo "1975"]
[PlyCount "82"]
[EventDate "2000.11.26"]
[EventType "team"]
[EventRounds "11"]
[EventCountry "HUN"]
[SourceTitle "EXT 2007"]
[Source "ChessBase"]
[SourceDate "2006.11.23"]
[SourceVersion "1"]
[SourceVersionDate "2006.11.23"]
[SourceQuality "1"]
[WhiteTeam "Dunaharaszti"]
[BlackTeam "Ujszasz"]
[WhiteTeamCountry "HUN"]
[BlackTeamCountry "HUN"]

1. d4 e6 2. Nf3 Nf6 3. Bg5 Be7 4. c3 d5 5. g3 Nbd7 6. Bg2 h6 7. Bxf6 Nxf6 8. 0-0 0-0 9. Nbd2 c5 10. Re1 b6 11. e4 dxe4 12. Nxe4 Nxe4 13. Rxe4 Bb7 14. Re1 cxd4 15. Qxd4 Bf6 16. Qxd8 Rfxd8 17. Rad1 Bd5 18. Nd2 Bxg2 19. Kxg2 Kf8 20. Ne4 Ke7 21. f4 g6 22. Kf3 Bg7 23. h4 f5 24. Nf2 Bf6 25. Nd3 Rd6 26. Nb4 Rad8 27. Rxd6 Rxd6 28. Re2 a5 29. Nc2 Rd3+ 30. Kg2 Kd6 31. Ne1 Rd1 32. Nf3 b5 33. a3 Rd5 34. Kf2 e5 35. fxe5+ Bxe5 36. Rc2 Bf6 37. Ke3 Kc5 38. b3 g5 39. c4 Rd7 40. cxb5+ Kxb5 41. hxg5 hxg5 1/2-1/2

[Event "HUN-chT2 Maroczy 0001"]
[Site "Hungary"]
[Date "2001.01.14"]
[Round "4"]
[White "Medvegyne Balogh, Emese"]
[Black "Kalo, Istvan"]
[Result "1-0"]
[WhiteElo "1966"]
[BlackElo "1975"]
[PlyCount "99"]
[EventDate "2000.11.26"]
[EventType "team"]
[EventRounds "11"]
[EventCountry "HUN"]
[SourceTitle "EXT 2007"]
[Source "ChessBase"]
[SourceDate "2006.11.23"]
[SourceVersion "1"]
[SourceVersionDate "2006.11.23"]
[SourceQuality "1"]
[WhiteTeam "Sarospatak II"]
[BlackTeam "Ujszasz"]
[WhiteTeamCountry "HUN"]
[BlackTeamCountry "HUN"]

1. e4 e6 2. d4 b6 3. Nf3 Bb7 4. Bd3 c5 5. Nc3 cxd4 6. Nxd4 Nc6 7. Be3 Nf6 8. h3 d5 9. Bb5 Rc8 10. Nxc6 Bxc6 11. Bxc6+ Rxc6 12. exd5 Nxd5 13. Nxd5 Rd6 14. 0-0 Rxd5 15. Qg4 g6 16. Rad1 Bg7 17. Rxd5 Qxd5 18. Rd1 Qc6 19. Qb4 Bf6 20. Rd6 Qc7 21. Qb5+ Ke7 22. Rc6 Qd7 23. Qc4 Be5 24. f4 Bd6 25. Bd4 f6 26. Bxf6+ Kxf6 27. Qd4+ Ke7 28. Qg7+ Ke8 29. Qxh8+ Bf8 30. Rc3 Qd1+ 31. Kh2 Qd7 32. Qe5 Bd6 33. Qd4 Kf7 34. Rd3 Ke7 35. Qg7+ Ke8 36. Qxd7+ Kxd7 37. g3 Ke7 38. Kg2 h6 39. Kf3 e5 40. fxe5 Bxe5 41. b3 a5 42. Ke4 Ke6 43. g4 Bd6 44. Kd4 h5 45. gxh5 gxh5 46. Kc4 Bc5 47. Rd5 h4 48. Rxc5 bxc5 49. Kxc5 Ke5 50. c4 1-0

[Event "HUN-chT2 Maroczy 0001"]
[Site "Hungary"]
[Date "2000.12.03"]
[Round "2"]
[White "Kalo, Istvan"]
[Black "Keresztes, Richard"]
[Result "1/2-1/2"]
[WhiteElo "1975"]
[BlackElo "2068"]
[PlyCount "140"]
[EventDate "2000.11.26"]
[EventType "team"]
[EventRounds "11"]
[EventCountry "HUN"]
[SourceTitle "EXT 2007"]
[Source "ChessBase"]
[SourceDate "2006.11.23"]
[SourceVersion "1"]
[SourceVersionDate "2006.11.23"]
[SourceQuality "1"]
[WhiteTeam "Ujszasz"]
[BlackTeam "Kecskemet Szechenyi"]
[WhiteTeamCountry "HUN"]
[BlackTeamCountry "HUN"]

1. e4 c5 2. c3 Nf6 3. e5 Nd5 4. d4 cxd4 5. cxd4 e6 6. Nc3 Nxc3 7. bxc3 Qc7 8. Bd2 d6 9. f4 dxe5 10. fxe5 b6 11. Nf3 Bb7 12. Bb5+ Bc6 13. Bxc6+ Nxc6 14. 0-0 Be7 15. Bg5 h6 16. Bxe7 Nxe7 17. Qa4+ Qd7 18. Qxd7+ Kxd7 19. Nd2 Rhf8 20. Ne4 Rac8 21. Rac1 Nd5 22. Rf3 Ke7 23. Nd6 Rc6 24. c4 f6 25. Rcf1 Nc7 26. Rg3 g5 27. Rgf3 f5 28. Rd1 Ne8 29. d5 Rc5 30. Re3 h5 31. Ra3 a5 32. Rb3 exd5 33. cxd5 Nxd6 34. exd6+ Kxd6 35. Rxb6+ Kc7 36. Rg6 g4 37. d6+ Kc6 38. d7+ Kc7 39. Ra6 Rd8 40. Rad6 h4 41. R6d4 Rc2 42. Rd5 Rxa2 43. Rc5+ Kb7 44. Rb1+ Ka6 45. Rc6+ Ka7 46. Rc7+ Ka6 47. Rd1 g3 48. hxg3 hxg3 49. Kf1 Rf2+ 50. Ke1 Rxg2 51. Rd6+ Kb5 52. Rc8 Rg1+ 53. Ke2 Rxd7 54. Rxd7 f4 55. Rb7+ Ka6 56. Rb3 Rg2+ 57. Kf1 Rf2+ 58. Kg1 Ka7 59. Rf8 a4 60. Ra3 Kb6 61. Rxa4 f3 62. Raf4 Rg2+ 63. Kf1 Rf2+ 64. Ke1 Re2+ 65. Kd1 g2 66. R8f6+ Kc5 67. Rxf3 g1Q+ 68. Kxe2 Qg2+ 69. Ke1 Qg1+ 70. Ke2 Qg2+ 1/2-1/2